[Event "GER-chT U10"]
[Site "Magdeburg"]
[Date "2013.12.28"]
[Round "4.2"]
[White "Wierling, Dennis"]
[Black "Dittrich, Julius"]
[Result "0-1"]
[WhiteElo "795"]
[BlackElo "905"]
[PlyCount "60"]
[EventDate "2013.12.27"]
[EventType "team-swiss"]
[EventRounds "5"]
[EventCountry "GER"]
[SourceTitle "EXT 2015"]
[Source "ChessBase"]
[SourceDate "2014.11.20"]
[SourceVersion "1"]
[SourceVersionDate "2014.11.20"]
[SourceQuality "1"]
[WhiteTeam "Stadtilm Blau Weiss III"]
[BlackTeam "Breitenworbis"]
[WhiteTeamCountry "GER"]
[BlackTeamCountry "GER"]

1. e4 e5 2. Nf3 Nc6 3. Bb5 a6 4. Bxc6 dxc6 5. Qe2 Bd6 6. d3 Nf6 7. Bg5 h6 8. Bh4 Bg4 9. Nc3 b5 10. h3 Bh5 11. 0-0-0 b4 12. Nb1 a5 13. g4 Bg6 14. g5 Nd7 15. gxh6 Rb8 16. hxg7 Rg8 17. Rhg1 Rxg7 18. Qe3 a4 19. Qh6 Bf8 20. Ng5 Rh7 21. Nxh7 Bxh6+ 22. Nd2 Bxd2+ 23. Rxd2 Nc5 24. Rdd1 Qd6 25. d4 exd4 26. c3 bxc3 27. bxc3 dxc3 28. a3 Qd4 29. Rg2 Qb4 30. Rgg1 Qb2# 0-1